000 00312nam a2200121Ia 4500
008 220204s9999 xx 000 0 und d
082 _a338.2 +331.101.262
_bBAT
100 _aBATRA, V P
245 0 _aEconomy and human resources
260 _aDelhi
_bBRPub Corp
_c1978
650 _aManpower planning
942 _cBK
999 _c28337
_d28337